02154cam a22003257a 450000100090000000300040000900500170001300800410003001000170007102000180008802000250010602000220013103500240015304000750017704200140025204300120026605000240027808200220030210000310032424501260035526000220048130000240050350000380052750400510056552010320061660000340164865000330168265100470171570000660176220721658OSt20240119115215.0180504t20182018enkacf b 001 0beng  a 2018438697 a9789354827952 a9781846142673q(hbk) a1846142679q(hbk) a(OCoLC)on1056252880 aAU@bengcAU@dOCLCOdLSDdNZAUCdOCLCOdOCLCFdIULdCHVBKdOCLCOdDLC alccopycat aa-ii---00aDS481.G3bG825 201804a954.035092bGUH/G1 aGuha, Ramachandraeauthor.10aGANDHI LOKATHE MATTIYA VARSHANGAL 1914-1948 = Gandhi :bthe years that changed the world : 1914-1948 /cRamachandra Guha. bD C Books,c2022. a1277 pages, c25 cm aPreceded by: Gandhi before India. aIncludes bibliographical references and index. aGandhi lived one of the great 20th-century lives. He inspired and enraged, challenged and delighted many million men and women around the world. He lived almost entirely in the shadow of the British Raj, which for much of his life seemed a permanent fact, but which he did more than anyone else to destroy, using revolutionary and inspirational tactics. In a world defined by violence on a scale never imagined before and by ferocious Fascist and Communist dictatorship, he was armed with nothing more than his arguments and example.This magnificent book tells the story of Gandhi's life, from his departure from South Africa to his assassination in 1948. It is a book with a Tolstoyan sweep, both allowing us to see Gandhi as he was understood by his contemporaries and the vast, unbelievably varied Indian societies and landscapes which he travelled through and changed beyond measure. Drawing on many new sources and animated by its author's wonderful sense of drama and politics, the publication of Gandhi is a major event.10aGandhi,cMahatma,d1869-1948. 0aStatesmenzIndiavBiography. 0aIndiaxPolitics and governmenty1919-1947.1 aGuha, Ramachandra.tGandhi before India.iPreceded by (work):